000 00768nam a2200253Ia 4500
001 1015
003 GE_BSU
008 181216s||||||||xx |||||||||||||| ||und||
020 _a9785975702975
040 _cGE_BSU
080 _a159.9
245 _aПсихологические тексты. Самая полная энциклопедия
245 _bСерия "Карманная библиотека
245 _cСост.Н.А. Преображенская
260 _aЕкатеринбург
260 _bУ-Фактория
260 _c2010
300 _a608стр.
541 _h10л.
653 _aПсихологические тексты
653 _aПсихология
653 _aფსიქოლოგია
942 _cBK
999 _c35170
_d35170